000 00653nam a2200181Ia 4500
008 090124s9999 xx 000 0 und d
082 _b103360
100 _aगडकरी राम गणेश (गोविंदाग्रज)
245 _a सं. राजसंन्यास
250 _a1
260 _c1950
300 _a92
600 _aगडकरी राम गणेश (गोविंदाग्रज)
630 _a सं. राजसंन्यास
700 _aगडकरी राम गणेश (गोविंदाग्रज)
730 _a सं. राजसंन्यास
942 _cBOOK
999 _c149452
_d149452